Arte y diseño

Shranjeno v:
Bibliografske podrobnosti
Glavni avtor: Calvera, Anna (Author)
Format: Knjiga
Jezik:španščina
Izdano: Barcelona Gustavo Gili 2003
Teme:
Oznake: Označite
Brez oznak, prvi označite!

MARC

LEADER 00000nam a2200000 a 4500
001 UCJ2317
003 CL-VaPUC
008 061207e20030000SP |||||||||||||||||spa|d
020 |a 8425215439 
082 0 4 |a 741.6  |b CAL  |2 21 
100 0 |a Calvera, Anna  |e author  |9 503307 
245 1 0 |a Arte y diseño 
300 |a 247 p 
942 |c BK 
945 |d 20061207 00:00:00  |a jtorresc 
260 |a Barcelona  |b Gustavo Gili  |c 2003 
650 0 |a Artes visuales  |9 336870 
650 0 |a Estilos artísticos  |9 340996 
650 0 |a Diseño gráfico  |9 266874 
583 |a last modification  |c 20061207 00:00:00  |k Rodrigo Vera 
999 |c 318650  |d 318648 
952 |0 0  |1 0  |4 0  |6 741_600000000000000_CAL_2003  |7 0  |8 A  |9 396621  |a BIBARQ  |b BIBARQ  |d 2019-11-22  |i 4305086  |l 1  |o 741.6 CAL 2003  |p 4305086  |q 2025-05-14  |r 2025-04-29  |s 2025-04-29  |w 2019-11-22  |y BK  |k ARQ